00317nam a2200109 a 4500008004100000050001600041100002300057245006500080260003200145300002100177350000900198120416s1978 ||||||||||||||||| || u aRA 1051 Pat aMason, John Kenyon14aThe pathology of violent injurycedited by John Kenyon Mason aLondonbEdward Arnoldc1978 axi, 388p. : ill. a0.00